| 000 | 01168cab a2200325 4500 | ||
|---|---|---|---|
| 001 | ABS59686 | ||
| 008 | 090401t1998 xxu||||| |||| 00| 0 eng d | ||
| 035 | _a(Sirsi) u89843 | ||
| 041 | _aeng | ||
| 100 | _aWhite, G. | ||
| 245 | _aExplicit clauses avoid contentious clashes | ||
| 260 | _c1998 | ||
| 350 | _a0 | ||
| 490 |
_aProperty Week _v63(30) 20 November 1998, 34-35(2) |
||
| 520 | _aDiscusses the importance of clearly drafted rent review clauses from both the landlord`s and tenant`s point of view. Considers the date of rent reviews, upwards-only rent reviews, calculations of rent, time limits, and the initiation of the rent review procedure. | ||
| 650 | _aARBITRATORS | ||
| 650 | _aEXPERTS DETERMINATION | ||
| 650 | _aINTEREST | ||
| 650 | _aLANDLORD AND TENANT ACT 1954 | ||
| 650 |
_aLANDLORD AND TENANT _96252 |
||
| 650 | _aLEWISHAM INVESTMENT PARTNERSHIP LTD V MORGAN | ||
| 650 | _aRENT REVIEW CLAUSES | ||
| 650 | _aROYAL BANK OF SCOTLAND V JENNINGS | ||
| 650 | _aTRIGGER NOTICES | ||
| 650 | _aUPWARD ONLY RENT REVIEWS | ||
| 690 | _aLANDLORD AND TENANT-RENT REVIEWS | ||
| 700 | _aVivian, J. | ||
| 942 | _n0 | ||
| 948 | _c20/11/1998 | ||
| 999 |
_c56872 _d56872 |
||